Получение масляно-смоляных композиций; Химия и химическая технология в XXI веке

Бібліографічні деталі
Parent link:Химия и химическая технология в XXI веке.— 2008.— С. 304
Автор: Коваль Ю. А.
Інші автори: Вахрамеева О. В. (научный руководитель), Бондалетова Л. И.
Мова:Російська
Опубліковано: 2008
Предмети:
Формат: Частина з книги
KOHA link:https://koha.lib.tpu.ru/cgi-bin/koha/opac-detail.pl?biblionumber=168910

MARC

LEADER 00000naa2a2200000 4500
001 168910
005 20231031163247.0
035 |a (RuTPU)RU\TPU\book\183240 
090 |a 168910 
100 |a 20091103d2008 k y0rusy50 ca 
101 0 |a rus 
102 |a RU 
200 1 |a Получение масляно-смоляных композиций  |f Ю. А. Коваль, О. В. Вахрамеева  |g науч. рук. Л. И. Бондалетова 
463 0 |0 (RuTPU)RU\TPU\book\176288  |t Химия и химическая технология в XXI веке  |o IX Всероссийская научно-практическая конференция студентов и аспирантов, Томск, 14-16 мая 2008 г.  |o сборник материалов  |f Томский политехнический университет (ТПУ) ; Химия и химическая технология в XXI веке  |v С. 304  |d 2008  |p 338 с. 
610 1 |a масляно-смоляные композиции 
610 1 |a жидкие продукты пиролиза 
610 1 |a полимеризация 
610 1 |a труды учёных ТПУ 
700 1 |a Коваль  |b Ю. А. 
701 1 |a Вахрамеева  |b О. В. 
702 1 |a Бондалетова  |b Л. И.  |4 727 
801 1 |a RU  |b 63413507  |c 20091103 
942 |c BK